| Tag |
First Indicator |
Second Indicator |
Subfields |
| LEADER |
00000cam a2200000Ia 4500 |
| 001 |
in00002118927 |
| 005 |
20151103064639.0 |
| 008 |
060502m19091910ru b 000 0 rus d |
| 035 |
|
|
|a (OCoLC)ocm68042863
|
| 040 |
|
|
|a TXA
|c TXA
|d UtOrBLW
|
| 043 |
|
|
|a e-ur---
|
| 049 |
|
|
|a TXAM
|
| 090 |
|
|
|a HJ191.R92
|b O9 1909
|
| 100 |
1 |
|
|6 880-01
|a Ozerov, I. Kh.
|q (Ivan Khristoforovich),
|d 1869-
|
| 245 |
1 |
0 |
|6 880-02
|a Osnovy finansovoĭ nauki /
|c I. Kh. Ozerov.
|
| 250 |
|
|
|a Izd. 3., ispr. i dop.
|
| 264 |
|
1 |
|6 880-03
|a Moskva :
|b Tip. T-va I.D. Sytina,
|c 1909-1910.
|
| 300 |
|
|
|a 2 volumes in 1 ;
|c 25 cm.
|
| 336 |
|
|
|a text
|b txt
|2 rdacontent
|
| 337 |
|
|
|a unmediated
|b n
|2 rdamedia
|
| 338 |
|
|
|a volume
|b nc
|2 rdacarrier
|
| 500 |
|
|
|a "Kurs lekt︠s︡iĭ, chitannyĭ v S.-Peterburgskom i Moskovskom Universitetakh."
|
| 500 |
|
|
|a "Imperatorskoĭ Akademieĭ Nauk udostoeno premīi byvshago Ministra Finansov gen.-ad. S.A. Greĭga."
|
| 504 |
|
|
|a Includes bibliographical references.
|
| 505 |
0 |
|
|a vyp. 1. Uchenīe ob obyknovennykh dokhodakh.--vyp. 2. Bi︠u︡dzhet. Formy vzimanīi︠a︡. Mi︠e︡stiye finansy. Gosudarstvennyĭ kredit.
|
| 650 |
|
0 |
|a Finance, Public.
|
| 651 |
|
0 |
|a Russia
|x Appropriations and expenditures.
|
| 880 |
1 |
|
|6 100-01
|a Озеров, И. Х.
|q (Иван Христофорович),
|d 1869-
|
| 880 |
1 |
0 |
|6 245-02
|a Основы финансовой науки /
|c И. Х. Озеров.
|
| 880 |
|
|
|6 264-03
|a Москва :
|b Тип. Т-ва И.Д. Сытина,
|c 1909-1910.
|
| 948 |
|
|
|a cataloged
|b h
|c 2006/5/2
|d c
|e tchubaryan
|f 11:00:36 am
|
| 994 |
|
|
|a C0
|b TXA
|
| 999 |
|
|
|a MARS
|
| 999 |
f |
f |
|s 7e8d71b0-b2af-30d9-b128-6def7ecdc5a4
|i eb2be64f-f0f5-3958-9319-33d6acc57bd8
|t 0
|
| 952 |
f |
f |
|p ric
|a Texas A&M University
|b Rellis Campus
|c Joint Library Facility
|d Remote Storage
|t 0
|e HJ191.R92 O9 1909
|h Library of Congress classification
|i unmediated -- volume
|m A14834107027
|
| 998 |
f |
f |
|a HJ191.R92 O9 1909
|t 0
|l Remote Storage
|